[Event "SVK-ch U12"]
[Site "Tatralandia"]
[Date "2025.05.18"]
[Round "9"]
[White "Ksenzigh, Adam"]
[Black "Macejko, Alexander"]
[Result "1/2-1/2"]
[WhiteElo "1557"]
[BlackElo "1544"]
[PlyCount "53"]
[EventDate "2025.05.11"]
[EventType "swiss"]
[EventRounds "9"]
[EventCountry "SVK"]
[SourceTitle "CB21_2025"]
[SourceDate "2025.05.21"]
[SourceVersion "1"]
[SourceVersionDate "2025.05.21"]
[SourceQuality "1"]

1. e4 e5 2. Nf3 Nc6 3. Bc4 Be7 4. Nc3 Nf6 5. d3 d6 6. Be3 Be6 7. Bb5 Bd7 8. a3 a6 9. Bc4 Be6 10. Ba2 0-0 11. 0-0 Qd7 12. h3 h6 13. d4 exd4 14. Nxd4 Nxd4 15. Qxd4 Bxa2 16. Rxa2 Rfe8 17. Bf4 Rad8 18. Rd1 c6 19. Raa1 d5 20. f3 dxe4 21. Qxd7 Rxd7 22. Rxd7 Nxd7 23. Nxe4 Bc5+ 24. Kh2 Ba7 25. Rd1 Re7 26. Nd6 Nb6 27. Nf5 1/2-1/2

[Event "SVK-ch U12"]
[Site "Tatralandia"]
[Date "2024.04.06"]
[Round "2"]
[White "Stachovic, Matus"]
[Black "Ksenzigh, Adam"]
[Result "1/2-1/2"]
[WhiteElo "1767"]
[BlackElo "1547"]
[PlyCount "64"]
[EventDate "2024.04.05"]
[EventType "swiss"]
[EventRounds "9"]
[EventCountry "SVK"]
[SourceTitle "CBM 219 Extra"]
[Source "ChessBase"]
[SourceDate "2024.05.31"]
[SourceVersion "1"]
[SourceVersionDate "2024.05.31"]
[SourceQuality "1"]

1. e4 e5 2. Nf3 d6 3. c3 Nc6 4. d4 Bg4 5. Be2 Nf6 6. Qc2 h6 7. Be3 Be7 8. Nbd2 Qd7 9. d5 Nb8 10. 0-0 0-0 11. Rfe1 c5 12. Nf1 Qc7 13. Ng3 Nbd7 14. h3 Bh5 15. Nf5 Nb6 16. Nxe7+ Qxe7 17. Nh2 Bxe2 18. Qxe2 Qd7 19. f3 Nh7 20. Nf1 Qe7 21. Nd2 f5 22. Rf1 f4 23. Bf2 Rf6 24. Qe1 Rg6 25. Bh4 Ng5 26. Kh1 Qf7 27. Rg1 Qd7 28. Qe2 a6 29. a3 Rc8 30. Rab1 Qa4 31. Qd1 Qxd1 32. Rbxd1 Kh7 1/2-1/2